Country by Premier League footballer 2 - Statistics

General Stats
  • This quiz has been taken 21 times
  • The average score is 12 of 15
Answer Stats
Hint Answer % Correct
Nicolas Anelka France
100%
Luis Garcia Spain
100%
Dimitar Berbatov Bulgaria
95%
Andriy Arshavin Russia
95%
Sofiane Boufal Morocco
90%
Juan Sebastian Veron Argentina
85%
Christian Benteke Belgium
85%
Marcel Sabitzer Austria
80%
Miguel Almiron Paraguay
80%
Dwight Yorke Trinidad & Tobago
75%
Chris Wood New Zealand
70%
Yossi Benayoun Israel
65%
Nicolas Pepe Cote D'Ivoire
55%
Mohamed Elyounoussi Norway
45%
Sokratis Papastathopoulos Greek
30%
No matching quizzes found
Score Distribution
Percent of People with Each Score
Percentile by Number Answered
Your Score History
You have not taken this quiz